Autorennamen um die Ecke gedacht - Statistiken

Allgemein
  • Dieses Quiz wurde 88 mal gespielt
  • Das Durchschnittsergebnis liegt bei 6 aus 15
Antwortstatistiken
Hint Antwort % Korrekt
Kleines fließendes Gewässer + Gegenteil von Frau Bachmann
86%
Trockenperioden + Ende einer Schachpartie Dürrenmatt
66%
Hochschießender Wasserstrahl ohne Umlaut Fontane
53%
Laubbaum ohne E am Ende + Englisch für "grün" mit einem E weniger Lindgren
50%
Besucher eines Geschäfts + ägyptischer Sonnengott Kundera
42%
Nachname von Schauspieler Florian David + Vorname von Fußballer Asamoah Fitzgerald
41%
Fragewort + nicht mit Wasser bedeckter Teil der Erdoberfläche Wieland
41%
Muscheldelikatesse ohne R Austen
39%
2. Person Plural eines Verbs, das u.A. "sich übergeben" bedeuten kann Brecht
36%
"Zum Wohl!" + U Proust
33%
Englisch für "er" + chinesische Kaiserdynastie + Sänger von My Chemical Romance Hemingway
32%
Lappen + Abkürzung für Fußballverein aus Lyon + Englisch für "Himmel" Tucholsky
32%
2. Person Singular + Spanisch für "mehr" Dumas
28%
Canis Lupus + O Woolf
26%
Britisches Mineralölunternehmen + Ausruf des Erstaunens Shelley
8%
Keine übereinstimmenden Quizze gefunden
Verteilung der Resultate
Anzahl Personen mit jedem Resultat
Perzentil nach korrekt beantworteten Fragen
Ihre Resultats-Entwicklung
Sie haben dieses Quiz noch nicht gespielt